<?xml version="1.0" encoding="UTF-8"?>
<record
    xmlns:xsi="http://www.w3.org/2001/XMLSchema-instance"
    xsi:schemaLocation="http://www.loc.gov/MARC21/slim http://www.loc.gov/standards/marcxml/schema/MARC21slim.xsd"
    xmlns="http://www.loc.gov/MARC21/slim">

  <leader>00641nam a22001697a 4500</leader>
  <datafield tag="082" ind1=" " ind2=" ">
    <subfield code="a">891.439092</subfield>
    <subfield code="b">YAV</subfield>
  </datafield>
  <datafield tag="100" ind1=" " ind2=" ">
    <subfield code="a">Yaro, Yaqoob</subfield>
  </datafield>
  <datafield tag="245" ind1=" " ind2=" ">
    <subfield code="a">Agha Hashar Kashmiri: shkyiat or fun/</subfield>
    <subfield code="c">Yaqoob Yaro,</subfield>
  </datafield>
  <datafield tag="260" ind1=" " ind2=" ">
    <subfield code="a">Karachi ; </subfield>
    <subfield code="b">city bookm point.</subfield>
    <subfield code="c">2018.</subfield>
  </datafield>
  <datafield tag="300" ind1=" " ind2=" ">
    <subfield code="a">159p. :</subfield>
    <subfield code="c">25cm.</subfield>
  </datafield>
  <datafield tag="563" ind1=" " ind2=" ">
    <subfield code="a">HB</subfield>
  </datafield>
  <datafield tag="650" ind1=" " ind2=" ">
    <subfield code="a">Agha Hashar Kashmiri &#x2013; Urdu drama &#x2013; History and criticism</subfield>
    <subfield code="9">129604</subfield>
  </datafield>
  <datafield tag="880" ind1=" " ind2=" ">
    <subfield code="6">100-01/(3\r</subfield>
    <subfield code="a">&#x6CC;&#x639;&#x642;&#x648;&#x628; &#x6CC;&#x627;&#x631;&#x648;,</subfield>
  </datafield>
  <datafield tag="880" ind1=" " ind2=" ">
    <subfield code="6">245-02/(3\r</subfield>
    <subfield code="a">&#x622;&#x63A;&#x627; &#x62D;&#x634;&#x631; &#x6A9;&#x627;&#x634;&#x645;&#x6CC;&#x631;&#x6CC;: &#x634;&#x62E;&#x635;&#x6CC;&#x62A; &#x627;&#x648;&#x631; &#x641;&#x646;/</subfield>
    <subfield code="b">&#x6CC;&#x639;&#x642;&#x648;&#x628; &#x6CC;&#x627;&#x631;&#x648;,</subfield>
  </datafield>
  <datafield tag="880" ind1=" " ind2=" ">
    <subfield code="6">260-03/(3\r</subfield>
    <subfield code="a">&#x6A9;&#x631;&#x627;&#x686;&#x6CC; &#x61B;</subfield>
    <subfield code="b">&#x633;&#x679;&#x6CC; &#x628;&#x64F;&#x6A9; &#x67E;&#x648;&#x627;&#x626;&#x646;&#x679;,</subfield>
    <subfield code="c">2018.</subfield>
  </datafield>
  <datafield tag="942" ind1=" " ind2=" ">
    <subfield code="2">ddc</subfield>
    <subfield code="c">BK</subfield>
  </datafield>
  <datafield tag="999" ind1=" " ind2=" ">
    <subfield code="c">614215</subfield>
    <subfield code="d">614215</subfield>
  </datafield>
  <datafield tag="952" ind1=" " ind2=" ">
    <subfield code="0">0</subfield>
    <subfield code="1">0</subfield>
    <subfield code="2">ddc</subfield>
    <subfield code="4">0</subfield>
    <subfield code="6">891_439092000000000_YAV</subfield>
    <subfield code="7">0</subfield>
    <subfield code="9">641457</subfield>
    <subfield code="a">CL</subfield>
    <subfield code="b">CL</subfield>
    <subfield code="d">2025-07-10</subfield>
    <subfield code="l">0</subfield>
    <subfield code="o">891.439092 YAV</subfield>
    <subfield code="p">CL-D-2836</subfield>
    <subfield code="r">2025-07-10</subfield>
    <subfield code="w">2025-07-10</subfield>
    <subfield code="y">BK</subfield>
  </datafield>
</record>
